Score 0/21 Timer 05:00
1 Play Today
% Correct
Great
91.3%
Revolution
88.5%
Dream
88.3%
Trust
88.3%
Telling
85.5%
Jeb
82%
Consequences
80.3%
Machine
79.4%
New
76.8%
Ready
74%
America
68.5%
% Correct
Fresh
64.3%
Families
63.2%
Inspire
59.1%
People
57.6%
Hope
51.9%
Leadership
50.4%
Tanned
46.3%
Promise
42.3%
Us
37.6%
Safety
23.2%
Remove Ads.
Support Sporcle.
Get the best of Sporcle when you Go Orange. This ad-free experience offers more features, more stats, and more fun while also helping to support Sporcle. Thank you for becoming a member.

You're not logged in!

Compare scores with friends on all Sporcle quizzes.
OR
Log In

Show Comments

Extras

Top Quizzes Today


Score Distribution

Your Account Isn't Verified!

In order to create a playlist on Sporcle, you need to verify the email address you used during registration. Go to your Sporcle Settings to finish the process.

Report this User

Report this user for behavior that violates our Community Guidelines.

Details: